|
|
|
|
| LEADER |
00000cam a2200000 7i4500 |
| 001 |
0000004287 |
| 002 |
000004608 |
| 005 |
20000330.0 |
| 020 |
|
|
|a 0155546643
|
| 090 |
0 |
0 |
|a 658
|b HOG
|
| 100 |
1 |
|
|a Hodgetts
|a Richard
|
| 245 |
1 |
0 |
|a Management :
|b theory,process and practice
|c RichardM. Hodgetts
|
| 255 |
|
|
|a 5th ed.
|
| 260 |
|
|
|a San Diego :
|b Harcourt Brace Jovanovich ,
|c 1990
|
| 300 |
|
|
|a 780p. ;
|c 23cm.
|
| 490 |
0 |
|
|a One copy under reference:029334
|
| 650 |
0 |
0 |
|a Management
|
| 999 |
|
|
|a 029333
|b BUKU
|c PINJAMAN
|e PERPUSTAKAAN KOMUNITI PETALING JAYA
|
| 999 |
|
|
|a 029334
|b BUKU
|c PINJAMAN
|e PERPUSTAKAAN KOMUNITI PETALING JAYA
|